[Event "Ptuj"]
[Site "Ptuj CRO"]
[Date "1995.??.??"]
[Round "3"]
[White "Sermek, Drazen"]
[Black "Brglez, Rado"]
[Result "1-0"]
[WhiteElo "2515"]
[BlackElo "2275"]
[PlyCount "120"]
[EventDate "1995.??.??"]
[Source "www.chesslib.no"]
[SourceDate "2004.05.04"]

1. e4 e5 2. Nf3 Nc6 3. Bc4 Bc5 4. b4 Bb6 5. a4 a6 6. c3 Nf6 7. d3 d6 8. O-O O-O 9. Bb3 Ne7 10. h3 Ng6 11. a5 Ba7 12. Re1 h6 13. d4 Re8 14. Bc2 Bd7 15. Be3 Bc6 16. Nbd2 d5 17. Nxe5 Nxe5 18. dxe5 Bxe3 19. Rxe3 Rxe5 20. f4 Rxe4 21. Nxe4 dxe4 22. Qxd8+ Rxd8 23. Rd1 Re8 24. g4 Kf8 25. Rd4 g5 26. fxg5 hxg5 27. Kf2 Ke7 28. c4 Ke6 29. Rd1 Ke5 30. Ke2 Rh8 31. Rf1 Bd7 32. Kd2 c5 33. bxc5 Rc8 34. Rb3 Rxc5 35. Rxb7 Be6 36. Bb3 Rxa5 37. Rxf7 Ra3 38. Rb7 Nd7 39. Kc3 Nc5 40. Kb2 Ra5 41. Rb6 e3 42. Bd1 Ra2+ 43. Kxa2 Bxc4+ 44. Kb2 Bxf1 45. Rg6 Ne4 46. Kc2 Kf4 47. Rh6 Kg3 48. Re6 Bd3+ 49. Kc1 Kf2 50. Kb2 Kg2 51. Kc1 Kg3 52. Be2 Bxe2 53. Rxe4 Kf3 54. Re5 Kg3 55. Rxe3+ Kf2 56. Re5 Bf1 57. Rxg5 Bxh3 58. Rg8 Kf3 59. g5 Kf4 60. g6 Be6 1-0

[Event "North American Open"]
[Site "?"]
[Date "2002.12.27"]
[Round "3"]
[White "Au Leslie"]
[Black "Mikhalevski Victor"]
[Result "1/2-1/2"]
[WhiteElo "2248"]
[BlackElo "2524"]
[PlyCount "76"]
[EventDate "2002.??.??"]
[Source "www.chesslib.no"]
[SourceDate "2004.05.04"]

1. e4 e5 2. Nf3 Nc6 3. Bc4 Bc5 4. b4 Bb6 5. a4 a5 6. c3 axb4 7. d4 Qe7 8. O-O Nf6 9. Nbd2 d6 10. dxe5 Nxe5 11. cxb4 O-O 12. Bb2 Nxe4 13. Nxe5 Nxd2 14. Qxd2 dxe5 15. Rae1 Qh4 16. Bb3 Bd4 17. Bxd4 exd4 18. f4 Qf6 19. Re5 d3 20. Qxd3 Qb6+ 21. Qe3 Qxb4 22. f5 Ra5 23. f6 Qb6 24. Qxb6 cxb6 25. Re7 gxf6 26. Rxf6 Be6 27. Bxe6 fxe6 28. Rxf8+ Kxf8 29. Rxb7 Kg8 30. Rxb6 Rxa4 31. Rxe6 Ra2 32. Re7 Rb2 33. h3 Ra2 34. Kh2 Ra3 35. h4 Rb3 36. g3 Ra3 37. Kh3 Rb3 38. h5 h6 1/2-1/2

[Event "Ubeda op"]
[Site "Ubeda"]
[Date "1996.??.??"]
[Round "?"]
[White "Lyrberg, Patrik"]
[Black "Estrada Nieto, Julian"]
[Result "1-0"]
[WhiteElo "2425"]
[BlackElo "2345"]
[PlyCount "39"]
[EventDate "1996.01.??"]
[Source "ChessBase"]

1. e4 e5 2. Nf3 Nc6 3. Bc4 Bc5 4. b4 Bb6 5. a4 a6 6. d4 Nxd4 7. Nxd4 Bxd4 8. Ra3 Qh4 9. O-O Nf6 10. Rg3 h6 11. c3 Ba7 12. Nd2 d6 13. Rxg7 Ng4 14. Nf3 Nxf2 15. Qd5 Ng4+ 16. Kh1 Qh5 17. Rxf7 Nf2+ 18. Rxf2 Bxf2 19. Rxc7 Qg6 20. Nxe5 1-0

[Event "Copenhagen Obro Open"]
[Site "Copenhagen DEN"]
[Date "1989.??.??"]
[Round "8"]
[White "Brinck-Claussen, Bjorn"]
[Black "Stein, Bernd"]
[Result "1/2-1/2"]
[WhiteElo "2390"]
[BlackElo "2380"]
[PlyCount "24"]
[EventDate "1989.??.??"]
[Source "www.chesslib.no"]
[SourceDate "2004.05.04"]

1. e4 e5 2. Nf3 Nc6 3. Bc4 Bc5 4. b4 Bb6 5. a4 a6 6. Nc3 d6 7. Nd5 Ba7 8. d3 Nce7 9. Ng5 Nxd5 10. Bxd5 Nh6 11. O-O c6 12. Bb3 Bg4 1/2-1/2

[Event "Capablanca Premier-A 32nd"]
[Site "Cienfuegos"]
[Date "1997.??.??"]
[Round "10"]
[White "Leyva, Ricardo"]
[Black "De la Paz, Frank"]
[Result "0-1"]
[WhiteElo "2370"]
[BlackElo "2395"]
[PlyCount "80"]
[EventDate "1997.05.05"]
[Source "ChessBase"]
[SourceDate "1997.07.29"]

1. e4 e5 2. Nf3 Nc6 3. Bc4 Bc5 4. b4 Bb6 5. a4 a6 6. Nc3 Nf6 7. d4 Bxd4 8. Nxd4 Nxd4 9. f4 d6 10. fxe5 dxe5 11. Bg5 Be6 12. Nd5 c6 13. Nxf6+ gxf6 14. Bxe6 fxg5 15. Bc4 Ne6 16. Qh5 O-O 17. c3 Nf4 18. Qf3 b5 19. Bb3 Qd3 20. Qxd3 Nxd3+ 21. Kd2 Rad8 22. Kc2 Nf2 23. Rhe1 Ng4 24. h3 Nf6 25. Re2 Kg7 26. axb5 axb5 27. Rf1 h6 28. Rf5 Rfe8 29. g4 Re7 30. Ref2 Rd6 31. R2f3 Red7 32. Rxe5 Rd2+ 33. Kc1 R2d3 34. Rxd3 Rxd3 35. Rf5 Rxc3+ 36. Kb2 Rxh3 37. e5 Nd5 38. Bxd5 cxd5 39. Rf6 Rg3 40. Rb6 Rxg4 0-1

[Event "Vinkovci"]
[Site "Vinkovci"]
[Date "1995.??.??"]
[Round "?"]
[White "Stevic, Hrvoje"]
[Black "Rogic, Davor"]
[Result "1-0"]
[WhiteElo "2300"]
[BlackElo "2460"]
[PlyCount "80"]
[EventDate "1995.04.??"]
[Source "ChessBase"]

1. e4 e5 2. Nf3 Nc6 3. Bc4 Bc5 4. b4 Bb6 5. a4 a6 6. Nc3 Nf6 7. Nd5 Nxd5 8. exd5 Nd4 9. O-O Nxf3+ 10. Qxf3 d6 11. a5 Ba7 12. Bb2 O-O 13. d4 Qh4 14. g3 Qf6 15. Qxf6 gxf6 16. Rfd1 Bg4 17. Rd2 Rfe8 18. Bf1 Re7 19. c4 Rae8 20. c5 exd4 21. Rxd4 Bf3 22. Rf4 Bxd5 23. Bxf6 Re4 24. Rf5 Bc6 25. f3 R4e6 26. Bc4 dxc5 27. bxc5 Bxc5+ 28. Kf1 Rxf6 29. Rxf6 Bd4 30. Bxf7+ Kg7 31. Rxc6 Bxa1 32. Rxc7 Re5 33. Bd5+ Kf6 34. Bxb7 h6 35. Rc6+ Kg7 36. Rxa6 Bc3 37. Be4 Rxa5 38. Rg6+ Kf7 39. Rxh6 Bf6 40. Kg2 Ra2+ 1-0

[Event "Nordic-chT"]
[Site "Pohja"]
[Date "1985.??.??"]
[Round "?"]
[White "Pyhala, Antti"]
[Black "Gruen, Peter"]
[Result "1-0"]
[WhiteElo "2350"]
[BlackElo "2410"]
[PlyCount "79"]
[EventDate "1985.10.??"]
[Source "ChessBase"]

1. e4 e5 2. Nf3 Nc6 3. Bc4 Bc5 4. b4 Bb6 5. a4 a5 6. b5 Nd4 7. Nxd4 exd4 8. O-O Ne7 9. Qh5 O-O 10. d3 d6 11. Bg5 Be6 12. Qh4 Re8 13. Bxe6 fxe6 14. f4 Qd7 15. Rf3 Ng6 16. Qg4 c6 17. h4 cxb5 18. h5 Nh8 19. Rg3 Bd8 20. Bh6 Re7 21. axb5 Rf7 22. Nd2 Kf8 23. f5 e5 24. Nc4 b6 25. Rf1 Ra7 26. Bg5 Bxg5 27. Qxg5 h6 28. Qh4 Qe7 29. Qxe7+ Rfxe7 30. Nxb6 Nf7 31. Nc8 Reb7 32. Nxa7 Rxa7 33. Rg6 Rb7 34. f6 gxf6 35. Rgxf6 a4 36. b6 a3 37. Rxf7+ Rxf7 38. b7 Rxf1+ 39. Kxf1 a2 40. b8=Q+ 1-0

[Event "3rd Savaria Summer Open"]
[Site "Szombathely"]
[Date "2003.07.26"]
[Round "8"]
[White "Ruck, Tamas"]
[Black "Sikula, Vaszilij"]
[Result "0-1"]
[WhiteElo "2339"]
[BlackElo "2419"]
[PlyCount "72"]
[EventDate "2003.07.19"]
[Source "Roberto Alvarez"]
[SourceDate "2003.07.28"]

1. e4 e5 2. Nf3 Nc6 3. Bc4 Bc5 4. b4 Bb6 5. a4 a6 6. c3 Nf6 7. d3 d6 8. Qb3 O-O 9. Bg5 Qe7 10. Nbd2 Nd8 11. O-O Ne6 12. Be3 Ba7 13. Rfe1 Bxe3 14. fxe3 c6 15. d4 Nc7 16. Bd3 Bg4 17. c4 Rad8 18. Qc3 Bxf3 19. Nxf3 d5 20. Nxe5 Nxe4 21. Bxe4 dxe4 22. c5 Nd5 23. Qb3 f6 24. Nc4 f5 25. b5 f4 26. exf4 Rxf4 27. bxc6 bxc6 28. Ne5 Qf6 29. g3 Rf2 30. Rxe4 Rf8 31. Qc4 Qf5 32. Rf4 Rxf4 33. gxf4 Qxf4 34. Nxc6 Qg4+ 35. Kh1 Qe4+ 36. Kg1 Qg6+ 0-1

[Event "IEWCC"]
[Site "Istanbul"]
[Date "2003.06.11"]
[Round "8"]
[White "Gaponenko, Inna"]
[Black "Zayac, Elena"]
[Result "1/2-1/2"]
[WhiteElo "2417"]
[BlackElo "2339"]
[PlyCount "31"]
[EventDate "2003.06.02"]
[Source "Roberto Alvarez"]
[SourceDate "2003.06.23"]

1. e4 e5 2. Nf3 Nc6 3. Bc4 Bc5 4. b4 Bb6 5. a4 a6 6. Bb2 d6 7. b5 axb5 8. axb5 Rxa1 9. Bxa1 Nd4 10. Nxd4 exd4 11. c3 Nf6 12. O-O O-O 13. d3 d5 14. exd5 Nxd5 15. Qf3 Ne7 16. Nd2 1/2-1/2

[Event "CRO-chT"]
[Site "Medulin"]
[Date "1997.??.??"]
[Round "?"]
[White "Martic, Zlatko"]
[Black "Sale, Srdjan"]
[Result "0-1"]
[WhiteElo "2315"]
[BlackElo "2425"]
[PlyCount "76"]
[EventDate "1997.??.??"]
[Source "www.chesslib.no"]
[SourceDate "2004.05.04"]

1. e4 e5 2. Nf3 Nc6 3. Bc4 Bc5 4. b4 Bb6 5. a4 a6 6. Nc3 Nf6 7. d3 Nxb4 8. Rb1 a5 9. O-O d6 10. Bg5 h6 11. Be3 Bxe3 12. fxe3 O-O 13. Ne2 Na6 14. Ng3 Nc5 15. Nh4 Bg4 16. Qe1 Be6 17. Bxe6 fxe6 18. Ng6 Rf7 19. d4 exd4 20. exd4 Nxa4 21. Rb3 Nh7 22. Rxf7 Kxf7 23. e5 d5 24. Nf4 Qh4 25. Qf2 Rf8 26. Qe3 Nb6 27. Rb1 Ng5 28. Qd3 Ne4 29. Nxe4 dxe4 30. Qxe4 Kg8 31. g3 Qg4 32. Qe3 a4 33. Kh1 Qf5 34. Qe2 Rd8 35. Rd1 a3 36. c4 Na4 37. Rf1 Rxd4 38. Nh5 Qe4+ 0-1

[Event "Hoogovens-B"]
[Site "Wijk aan Zee"]
[Date "1972.??.??"]
[Round "?"]
[White "Cafferty, Bernard"]
[Black "Van Scheltinga, Theo D"]
[Result "1/2-1/2"]
[WhiteElo "2370"]
[BlackElo "2360"]
[PlyCount "27"]
[EventDate "1972.??.??"]
[Source "ChessBase"]

1. e4 e5 2. Nf3 Nc6 3. Bc4 Bc5 4. b4 Bb6 5. a4 a6 6. Nc3 Nf6 7. Nd5 Nxd5 8. exd5 e4 9. dxc6 exf3 10. Qxf3 Qe7+ 11. Kf1 dxc6 12. Bb2 Be6 13. Bd3 O-O-O 14. b5 1/2-1/2

[Event "IV Campionato del Mediterraneo"]
[Site "Cannes FRA"]
[Date "2007.02.24"]
[Round "8"]
[White "Dembo, Y."]
[Black "Van Hoolandt, P."]
[Result "1-0"]
[WhiteElo "2469"]
[BlackElo "2257"]
[PlyCount "75"]
[EventDate "2007.02.18"]
[Source "www.chesslib.no"]
[SourceDate "2004.05.04"]

1. e4 e5 2. Nf3 Nc6 3. Bc4 Bc5 4. b4 Bb6 5. a4 a6 6. Nc3 Nf6 7. Nd5 Nxd5 8. exd5 Nd4 9. a5 Ba7 10. d6 Qf6 11. c3 Nxf3+ 12. Qxf3 Qxf3 13. gxf3 cxd6 14. Bd5 h5 15. Rg1 Kf8 16. h4 Rb8 17. d3 b5 18. axb6 Bxb6 19. Bg5 f6 20. Be3 g5 21. hxg5 f5 22. g6 Kg7 23. Rg5 f4 24. Bxb6 Rxb6 25. Ke2 Rh6 26. Rf5 Rxg6 27. Rf7+ Kh6 28. Be4 d5 29. Bxg6 Rxg6 30. Rf8 Bb7 31. Rh8+ Kg7 32. Rxh5 e4 33. d4 Rg2 34. Rh4 e3 35. Rg4+ Rxg4 36. fxg4 exf2 37. Kxf2 Kf6 38. Kf3 1-0

[Event "Budapest HUN"]
[Site "?"]
[Date "2000.07.26"]
[Round "8"]
[White "Kahn Evarth"]
[Black "Petran Pal"]
[Result "0-1"]
[WhiteElo "2346"]
[BlackElo "2377"]
[PlyCount "77"]
[EventDate "2000.??.??"]
[Source "www.chesslib.no"]
[SourceDate "2004.05.04"]

1. e4 e5 2. Nf3 Nc6 3. Bc4 Bc5 4. b4 Bb6 5. a4 a6 6. c3 Nf6 7. d3 d6 8. h3 Ne7 9. O-O Ng6 10. Re1 O-O 11. Nbd2 c6 12. Nf1 Re8 13. Ng3 h6 14. Bb3 d5 15. Ra2 Bc7 16. Nf5 dxe4 17. dxe4 Qxd1 18. Bxd1 Be6 19. Rd2 Bxf5 20. exf5 Nf4 21. Bb3 e4 22. Nd4 Nd3 23. Rxd3 exd3 24. Rd1 c5 25. bxc5 Ne4 26. Be3 d2 27. g4 Ba5 28. Bxd2 Rad8 29. Be3 Nxc3 30. Rd3 Ne2+ 31. Kf1 Nc1 32. Bxc1 Re1+ 33. Kg2 Rxc1 34. Re3 Kf8 35. Nf3 Rc8 36. Ne5 Rc7 37. h4 Bd2 38. Re2 Re7 39. Kg3 0-1

[Event "USA-chJ"]
[Site "Lindsborg"]
[Date "2004.07.22"]
[Round "5"]
[White "Lopez, Bruci"]
[Black "Benen, Samson"]
[Result "0-1"]
[WhiteElo "2400"]
[BlackElo "2323"]
[PlyCount "66"]
[EventDate "2004.07.20"]
[Source "Roberto Alvarez"]
[SourceDate "2003.08.04"]

1. e4 e5 2. Nf3 Nc6 3. Bc4 Bc5 4. b4 Bb6 5. a4 a6 6. Nc3 Nf6 7. Nd5 Nxd5 8. exd5 Nd4 9. a5 Ba7 10. d6 cxd6 11. Nxd4 Bxd4 12. Ra3 Bxf2+ 13. Kf1 Bh4 14. Qh5 Qe7 15. Rf3 g6 16. Bxf7+ Qxf7 17. Qxh4 Qe7 18. Qg3 d5 19. d4 d6 20. Bg5 Qc7 21. dxe5 dxe5 22. Re3 O-O+ 23. Kg1 Qxc2 24. h4 Bf5 25. Rxe5 Be4 26. h5 Qd1+ 27. Kh2 Qxh5+ 28. Bh4 Qh6 29. Re1 Rf4 30. Rh5 Qxh5 31. Qxf4 Rf8 32. Qg3 h6 33. Qh3 Bf5 0-1

[Event "SEMIFINAL NACIONAL HOLGUIN"]
[Site "?"]
[Date "1999.??.??"]
[Round "?"]
[White "MF R.LEYVA HOL VS EP J.OLIVER"]
[Black "?"]
[Result "0-1"]
[WhiteElo "2390"]
[BlackElo "2330"]
[PlyCount "96"]
[EventDate "1999.??.??"]
[Source "www.chesslib.no"]
[SourceDate "2004.05.04"]

1. e4 e5 2. Nf3 Nc6 3. Bc4 Bc5 4. b4 Bb6 5. a4 a6 6. Nc3 Nf6 7. d4 Bxd4 8. Nxd4 Nxd4 9. f4 d6 10. O-O Be6 11. Nd5 Nxe4 12. Qd3 c6 13. Ne3 d5 14. fxe5 dxc4 15. Qxe4 Ne2+ 16. Kh1 Qd4 17. Qxd4 Nxd4 18. Bb2 O-O-O 19. Rad1 Nf5 20. Nxf5 Bxf5 21. Rd6 Bg6 22. Bd4 Rxd6 23. exd6 f6 24. c3 a5 25. bxa5 Re8 26. h3 Kd7 27. Rf2 Re1+ 28. Kh2 Kxd6 29. Rb2 Rb1 30. Rxb1 Bxb1 31. a6 bxa6 32. a5 Kd5 33. Kg3 Ke4 34. Kf2 Kd3 35. Ke1 Bc2 36. Bc5 Kxc3 37. Bf8 g6 38. Bg7 Kd3 39. Bxf6 c3 40. g3 Ba4 41. h4 c2 42. Bg5 c5 43. Bc1 c4 44. g4 Bd7 45. g5 c3 46. Kf2 Kc4 47. Ke3 Kb3 48. Kd4 Bb5 0-1

[Event "BL2-S9899"]
[Site "Germany"]
[Date "1998.10.18"]
[Round "1.4"]
[White "Arnold, Lothar"]
[Black "Sick, Oliver"]
[Result "0-1"]
[WhiteElo "2355"]
[BlackElo "2350"]
[PlyCount "92"]
[EventDate "1998.10.??"]
[Source "www.chesslib.no"]
[SourceDate "2004.05.04"]

1. e4 e5 2. Nf3 Nc6 3. Bc4 Bc5 4. b4 Bb6 5. a4 a5 6. b5 Nd4 7. Nxd4 Bxd4 8. c3 Bb6 9. d4 Qh4 10. O-O Nf6 11. Nd2 d6 12. Nf3 Qh5 13. dxe5 dxe5 14. Ng5 Qxd1 15. Rxd1 Be6 16. Bxe6 fxe6 17. Nxe6 Nxe4 18. Be3 Bxe3 19. Nxc7+ Ke7 20. fxe3 Rac8 21. b6 Rhd8 22. c4 Nc5 23. Nd5+ Ke6 24. Ra2 Rd6 25. Rad2 Rcd8 26. Nc7+ Ke7 27. Rd5 Rxd5 28. Nxd5+ Ke6 29. Rb1 Nxa4 30. Rb5 Rc8 31. Nc7+ Kd6 32. Rd5+ Kc6 33. Rxe5 Nxb6 34. Nb5 Nxc4 35. Na7+ Kd6 36. Rb5 Rc5 37. Rxb7 a4 38. Rb1 a3 39. Ra1 Ra5 40. Nc8+ Kd7 41. Rc1 Kxc8 42. Rxc4+ Kd7 43. Rc1 a2 44. Ra1 Kd6 45. Kf2 Kd5 46. Ke2 Kc4 0-1

[Event "Mravinci-A"]
[Site "Mravinci"]
[Date "1995.??.??"]
[Round "?"]
[White "Stevic, Hrvoje"]
[Black "Sale, Srdjan"]
[Result "1/2-1/2"]
[WhiteElo "2300"]
[BlackElo "2390"]
[PlyCount "105"]
[EventDate "1995.??.??"]
[Source "www.chesslib.no"]
[SourceDate "2004.05.04"]

1. e4 e5 2. Nf3 Nc6 3. Bc4 Bc5 4. b4 Bb6 5. a4 a6 6. Nc3 Nf6 7. Nd5 Nxd5 8. exd5 Nd4 9. O-O O-O 10. Nxd4 Bxd4 11. c3 Ba7 12. d4 exd4 13. cxd4 d6 14. Be3 f5 15. Qd2 Qf6 16. f3 Bd7 17. Rfc1 Rae8 18. Bf2 Re7 19. Bf1 Be8 20. Ra3 Bf7 21. Rac3 Rc8 22. Bc4 f4 23. g4 fxg3 24. hxg3 Rce8 25. Kg2 h6 26. R1c2 Rf8 27. Qd1 Kh8 28. Bb3 Bg6 29. Rd2 Qg5 30. Re2 Ref7 31. Qd2 Qd8 32. Bc2 Bxc2 33. Qxc2 Qg5 34. Qe4 Rf4 35. Qe7 R4f7 36. Qxg5 hxg5 37. Re4 Kh7 38. Be1 Bb8 39. g4 Kg6 40. Bd2 Rf6 41. Re1 R6f7 42. Rh1 Ba7 43. Rd3 Re8 44. Rh5 Re2+ 45. Kg3 c5 46. Rxg5+ Kh7 47. Rh5+ Kg6 48. dxc5 dxc5 49. d6 c4 50. Rg5+ Kh7 51. Rh5+ Kg6 52. d7 cxd3 53. Rg5+ 1/2-1/2

[Event "WJun Women, Athens GRE"]
[Site "?"]
[Date "2001.??.??"]
[Round "7"]
[White "Kosintseva, N."]
[Black "Mkrtchian, L."]
[Result "0-1"]
[WhiteElo "2315"]
[BlackElo "2375"]
[PlyCount "62"]
[EventDate "2001.??.??"]
[Source "www.chesslib.no"]
[SourceDate "2004.05.04"]

1. e4 e5 2. Nf3 Nc6 3. Bc4 Bc5 4. b4 Bb6 5. a4 a6 6. O-O Nf6 7. d3 O-O 8. c3 d6 9. Nbd2 Ne7 10. a5 Ba7 11. Re1 Ng4 12. Re2 Ng6 13. h3 Nf6 14. Nf1 Nh5 15. d4 Nhf4 16. Rc2 d5 17. exd5 Bf5 18. Rb2 exd4 19. Nxd4 Be4 20. Ne3 Ne5 21. Bf1 Nxh3+ 22. gxh3 Bxd4 23. cxd4 Nf3+ 24. Kh1 Qd6 25. Ng4 f5 26. Ne5 Nxe5+ 27. Bg2 Qxd5 28. Qf1 Nf3 29. Bxf3 Bxf3+ 30. Kg1 Rf6 31. Bf4 Rg6+ 0-1

[Event "Sao Paulo CCM CAP"]
[Site "Sao Paulo BRA"]
[Date "1995.04.??"]
[Round "6"]
[White "Santos, Renato Andrade"]
[Black "De Souza, Mauro Guimaraes"]
[Result "1/2-1/2"]
[WhiteElo "2330"]
[BlackElo "2355"]
[PlyCount "116"]
[EventDate "1995.??.??"]
[Source "www.chesslib.no"]
[SourceDate "2004.05.04"]

1. e4 e5 2. Nf3 Nc6 3. Bc4 Bc5 4. b4 Bb6 5. a4 a6 6. c3 Nf6 7. d3 d6 8. O-O O-O 9. Nbd2 Qe7 10. Bb3 h6 11. Nc4 Ba7 12. Be3 Be6 13. Bxa7 Rxa7 14. Re1 Raa8 15. Ne3 Bxb3 16. Qxb3 Qe6 17. Qb2 Ne7 18. c4 Rfb8 19. Nd5 Nfxd5 20. cxd5 Qd7 21. d4 f6 22. dxe5 fxe5 23. Qb3 Ng6 24. Nd2 Rf8 25. Re3 Qg4 26. f3 Qg5 27. g3 h5 28. Kh1 h4 29. Rg1 hxg3 30. Rxg3 Qh6 31. Nf1 Nf4 32. Qc2 Rf7 33. Rc3 Raf8 34. Qd2 Qh4 35. Rg4 Qh3 36. Ng3 g6 37. Qf2 Rh7 38. Ne2 Qh6 39. Nxf4 Rxf4 40. Rg3 Rhf7 41. Qg2 Kg7 42. Rh3 Rh4 43. Rg3 Qh5 44. Qc2 Rh3 45. Kg1 Rxg3+ 46. hxg3 Qh3 47. Qh2 Qd7 48. Qc2 Kg8 49. g4 Rh7 50. Rd3 Qd8 51. Rd1 Qh4 52. Qg2 Qh6 53. Rd2 Qe3+ 54. Qf2 Qb3 55. Kg2 Qxa4 56. Qa7 Rf7 57. Qxb7 Qb3 58. Rf2 Qc4 1/2-1/2

[Event "Registro op"]
[Site "Registro"]
[Date "1997.??.??"]
[Round "4"]
[White "Gonzalez, Bolivar Ribeiro"]
[Black "Braga, Cicero"]
[Result "0-1"]
[WhiteElo "2290"]
[BlackElo "2390"]
[PlyCount "84"]
[EventDate "1997.??.??"]
[Source "www.chesslib.no"]
[SourceDate "2004.05.04"]

1. e4 e5 2. Nf3 Nc6 3. Bc4 Bc5 4. b4 Bb6 5. a4 a6 6. a5 Ba7 7. c3 Nf6 8. Qb3 O-O 9. d3 h6 10. Nbd2 d6 11. h3 Ne7 12. O-O c6 13. d4 exd4 14. cxd4 d5 15. Bd3 dxe4 16. Nxe4 Nxe4 17. Bxe4 Bf5 18. Bxf5 Nxf5 19. Bb2 Re8 20. Rfe1 Ne7 21. Re5 Nd5 22. Rae1 Qd7 23. Nd2 Rad8 24. Ne4 Bb8 25. Nc5 Qc8 26. Rxe8+ Rxe8 27. Rxe8+ Qxe8 28. Kf1 Qe7 29. Bc1 Bd6 30. Bd2 Bxc5 31. bxc5 Qc7 32. Qf3 Qd8 33. Qe4 Nc7 34. Qe5 Ne6 35. Be3 Kf8 36. f4 Nc7 37. f5 Nd5 38. Bf4 f6 39. Qe4 Qe8 40. Bd6+ Kf7 41. Qb1 Qd7 42. Kg1 Kg8 0-1

[Event "Paris-ch"]
[Site "Paris"]
[Date "2000.07.20"]
[Round "6"]
[White "Lode, Sebastien"]
[Black "Mikhalevski, Alexander"]
[Result "0-1"]
[WhiteElo "2207"]
[BlackElo "2464"]
[PlyCount "46"]
[EventDate "2000.07.15"]
[Source "www.chesslib.no"]
[SourceDate "2004.05.04"]

1. e4 e5 2. Nf3 Nc6 3. Bc4 Bc5 4. b4 Bb6 5. a4 a6 6. Nc3 Nf6 7. Nd5 Nxd5 8. exd5 Nd4 9. Bb2 Nxf3+ 10. Qxf3 d6 11. d4 Qh4 12. g3 Qh3 13. Bf1 Bg4 14. Qb3 Qh5 15. Bg2 exd4 16. O-O O-O 17. f3 Bd7 18. Kh1 Rfe8 19. Qc4 Qe5 20. Qb3 Qe2 21. Rfd1 Re3 22. Rd3 Rae8 23. g4 Qf2 0-1

[Event "4 Laenderkampf"]
[Site "Hessen"]
[Date "1998.??.??"]
[Round "2"]
[White "Arnold, Lothar"]
[Black "Pieper Emden, Carsten"]
[Result "1-0"]
[WhiteElo "2355"]
[BlackElo "2315"]
[PlyCount "69"]
[EventDate "1998.??.??"]
[Source "www.chesslib.no"]
[SourceDate "2004.05.04"]

1. e4 e5 2. Nf3 Nc6 3. Bc4 Bc5 4. b4 Bb6 5. a4 a6 6. c3 d6 7. d3 Nf6 8. Nbd2 O-O 9. h3 d5 10. exd5 Nxd5 11. Ne4 h6 12. Qb3 Nf4 13. Bxf4 exf4 14. O-O g5 15. d4 Kg7 16. Rfe1 Bf5 17. a5 Ba7 18. Bd5 Qd7 19. Qc4 Rfe8 20. Bxc6 Qxc6 21. Qxc6 bxc6 22. Ned2 f6 23. Rxe8 Rxe8 24. Re1 Rxe1+ 25. Nxe1 Kf7 26. Kf1 Ke6 27. Ke2 Kd5 28. f3 c5 29. bxc5 Kc6 30. c4 Kb7 31. Nd3 c6 32. Nb4 Bb8 33. d5 cxd5 34. cxd5 Bc7 35. Nc4 1-0

[Event "RUS-Cup07"]
[Site "Togliatty"]
[Date "2001.08.08"]
[Round "1"]
[White "Kineva, Ekaterina"]
[Black "Shinkevich, Vitaly"]
[Result "0-1"]
[WhiteElo "2205"]
[BlackElo "2456"]
[PlyCount "72"]
[EventDate "2001.08.08"]
[Source "ChessBase"]
[SourceDate "2001.09.11"]

1. e4 e5 2. Nf3 Nc6 3. Bc4 Bc5 4. b4 Bb6 5. a4 a6 6. Nc3 Nf6 7. Nd5 Ba7 8. O-O d6 9. d3 Nxd5 10. exd5 Ne7 11. d4 exd4 12. Nxd4 O-O 13. Bb2 Ng6 14. Kh1 Re8 15. Qd2 Qf6 16. Rfe1 Bd7 17. Bb3 Nh4 18. c4 Bh3 19. Rg1 Bxg2+ 20. Rxg2 Nxg2 21. Kxg2 Re4 22. Rd1 Rae8 23. Bc2 Rg4+ 24. Kf1 Qh4 25. Qd3 Qxh2 26. Qxh7+ Qxh7 27. Bxh7+ Kxh7 28. f3 Rh4 29. Rd2 Rh1+ 30. Kg2 Ree1 31. f4 Rd1 32. Re2 Bxd4 33. Bxd4 Rhe1 34. Rxe1 Rxe1 35. c5 Re4 36. cxd6 cxd6 0-1

[Event "SVK Cup fin 12th"]
[Site "?"]
[Date "2003.??.??"]
[Round "?"]
[White "Luptak Peter"]
[Black "Filipek Jozef"]
[Result "0-1"]
[WhiteElo "2369"]
[BlackElo "2288"]
[PlyCount "70"]
[EventDate "2003.??.??"]
[Source "www.chesslib.no"]
[SourceDate "2004.05.04"]

1. e4 e5 2. Nf3 Nc6 3. Bc4 Bc5 4. b4 Bb6 5. a4 a6 6. c3 Nf6 7. d3 d6 8. O-O O-O 9. Nbd2 Ne7 10. Bb3 Ng6 11. Nc4 Ba7 12. Be3 Be6 13. Bxa7 Rxa7 14. Re1 Ra8 15. Ra2 h6 16. Rd2 Re8 17. Ne3 Qd7 18. Bc2 Qc6 19. Qa1 d5 20. exd5 Bxd5 21. Nxd5 Nxd5 22. Bb3 Ndf4 23. Re4 Rad8 24. Qb1 Kf8 25. Qc2 Rd6 26. b5 Qd7 27. bxa6 Nxg2 28. axb7 N2f4 29. Ne1 Nh4 30. Re3 e4 31. Rde2 Rb6 32. Bc4 Qg4+ 33. Kf1 Nf5 34. dxe4 Rg6 35. Rg3 Nxg3+ 0-1

[Event "Wch U16"]
[Site "Oropesa del Mar"]
[Date "1998.11.07"]
[Round "11"]
[White "Khruschiov, Alexey"]
[Black "Azarov, Sergei"]
[Result "0-1"]
[WhiteElo "2210"]
[BlackElo "2445"]
[PlyCount "60"]
[EventDate "1998.10.25"]
[Source "ChessBase"]
[SourceDate "1999.01.01"]

1. e4 e5 2. Nf3 Nc6 3. Bc4 Bc5 4. b4 Bb6 5. a4 a6 6. Bb2 d6 7. b5 axb5 8. axb5 Rxa1 9. Bxa1 Nd4 10. Nxd4 exd4 11. O-O Nf6 12. d3 O-O 13. Nd2 Be6 14. Bxe6 fxe6 15. Nc4 Bc5 16. Qb1 e5 17. Bb2 Qe7 18. f4 Ng4 19. f5 d5 20. exd5 Qd7 21. Rf3 Ne3 22. Nxe3 dxe3 23. Bxe5 Qxd5 24. d4 e2 25. Re3 Bxd4 26. Bxd4 Qxd4 27. Kf2 Qd2 28. Qa2+ Kh8 29. Rxe2 Rxf5+ 30. Kg3 Qf4+ 0-1

[Event "TCh-RUS Siberian Zone, Omsk RUS"]
[Site "?"]
[Date "2001.??.??"]
[Round "6"]
[White "Kalashnikov, K."]
[Black "Larionov, A."]
[Result "1-0"]
[WhiteElo "2400"]
[BlackElo "2255"]
[PlyCount "89"]
[EventDate "2001.??.??"]
[Source "www.chesslib.no"]
[SourceDate "2004.05.04"]

1. e4 e5 2. Nf3 Nc6 3. Bc4 Bc5 4. b4 Bb6 5. a4 a6 6. Nc3 d6 7. Nd5 Ba7 8. d3 h6 9. O-O Nf6 10. Be3 Nxd5 11. exd5 Bxe3 12. dxc6 Bb6 13. Bd5 Rb8 14. d4 exd4 15. a5 Ba7 16. cxb7 Bxb7 17. Bxb7 Rxb7 18. Qe2+ Kd7 19. Qxa6 Qb8 20. Qc4 Rxb4 21. Qxf7+ Kc6 22. Qe6 Qb5 23. Ne1 Qe5 24. Qa2 Qd5 25. Nd3 Rc4 26. Rab1 Kd7 27. Rb4 Rc5 28. Nxc5+ Qxc5 29. Rc4 Qb5 30. Rb1 Qa6 31. Qa4+ Kc8 32. Rc6 Qe2 33. a6 Qe7 34. Qb5 Re8 35. g3 Kd7 36. Rxc7+ Kxc7 37. Qb7+ Kd8 38. Qa8+ Kd7 39. Qxa7+ Kc6 40. Qb6+ Kd7 41. Qb7+ Kd8 42. Qa8+ Kd7 43. Rb7+ Kc6 44. Rb8+ Kd7 45. Rxe8 1-0

[Event "Police Open"]
[Site "Police"]
[Date "1992.??.??"]
[Round "5"]
[White "Ardeleanu, Alin"]
[Black "Zyla, Janusz"]
[Result "1/2-1/2"]
[WhiteElo "2350"]
[BlackElo "2300"]
[PlyCount "61"]
[EventDate "1992.??.??"]
[Source "www.chesslib.no"]
[SourceDate "2004.05.04"]

1. e4 e5 2. Nf3 Nc6 3. Bc4 Bc5 4. b4 Bb6 5. a4 a5 6. b5 Nd4 7. Nc3 Nf6 8. Nxe5 O-O 9. d3 d6 10. Nf3 Ng4 11. Be3 Nxf3+ 12. Qxf3 Bxe3 13. fxe3 Ne5 14. Qf4 Nxc4 15. dxc4 Be6 16. c5 dxc5 17. Rd1 Qe7 18. O-O Rad8 19. h3 b6 20. Kh2 h6 21. e5 Rxd1 22. Rxd1 Rd8 23. Rd3 Rd7 24. Qe4 Qg5 25. Rxd7 Bxd7 26. g4 Be6 27. Kg3 Qd8 28. Qd3 Qg5 29. Qe4 Qd8 30. Qd3 Qg5 31. Qe4 1/2-1/2